000
00354nam a2200157Ia 4500
003
0STCL
008
150530s9999 xx 000 0 und d
040
_a
STCL
_c
STCL
100
_a
Dalgairns, J.B.; Ed
245
_a
Devotion to the heart of jesus
260
_c
1853
546
_a
English
942
_2
ddc
_c
BK
999
_c
4906
_d
4906
005
20220125165403.0